ბათუმის შოთა რუსთაველის სახელმწიფო უნივერსიტეტის ბიბლიოთეკა

The Politics of the Black Sea Region : (ბიბ.ჩანაწერი № 54409)

000 -LEADER
fixed length control field 00776nam a2200253Ia 4500
001 - CONTROL NUMBER
control field 21465
003 - CONTROL NUMBER IDENTIFIER
control field GE_BSU
005 - DATE AND TIME OF LATEST TRANSACTION
control field 20211116150116.0
008 - FIXED-LENGTH DATA ELEMENTS--GENERAL INFORMATION
fixed length control field 181216s ||||enk|||||||||||||| ||eng||
020 ## - INTERNATIONAL STANDARD BOOK NUMBER
International Standard Book Number 9781138257030
040 ## - CATALOGING SOURCE
Transcribing agency GE_BSU
041 ## - LANGUAGE CODE
Language code of text/sound track or separate title eng
080 ## - UNIVERSAL DECIMAL CLASSIFICATION NUMBER
Universal Decimal Classification number 327 W-37
100 ## - MAIN ENTRY--PERSONAL NAME
Personal name WEAVER, CAROL
9 (RLIN) 10788
245 #4 - TITLE STATEMENT
Title The Politics of the Black Sea Region :
Remainder of title EU Neighbourhood, Conflict Zone or Future Security Community? /
Statement of responsibility, etc. CAROL WEAVER.
264 ## - PRODUCTION, PUBLICATION, DISTRIBUTION, MANUFACTURE, AND COPYRIGHT NOTICE
Place of production, publication, distribution, manufacture London :
Name of producer, publisher, distributor, manufacturer Routledge,
Date of production, publication, distribution, manufacture, or copyright notice 2013.
300 ## - PHYSICAL DESCRIPTION
Extent 161p. ;
Dimensions 24 cm.
653 ## - INDEX TERM--UNCONTROLLED
keyword The Politics of the Black Sea Region
653 ## - INDEX TERM--UNCONTROLLED
keyword EU Neighbourhood, Conflict Zone or Future Security Community?
653 ## - INDEX TERM--UNCONTROLLED
keyword Политика
653 ## - INDEX TERM--UNCONTROLLED
keyword პოლიტიკა
942 ## - ADDED ENTRY ELEMENTS (KOHA)
Koha item type წიგნი
Source of classification or shelving scheme
ეგზემპლარები
Withdrawn status Lost status Source of classification or shelving scheme Damaged status Not for loan Permanent Location Current Location Shelving location Date acquired Cost, normal purchase price Full call number Barcode Date last seen Copy number Price effective from Koha item type Public note
          ბათუმის შოთა რუსთაველის სახელმწიფო უნივერსიტეტის მთავარი ბიბლიოთეკა ბათუმის შოთა რუსთაველის სახელმწიფო უნივერსიტეტის მთავარი ბიბლიოთეკა წიგნსაცავი 2018-12-17 105.00 327 W-37 55414 2018-12-17 55414 2018-12-17 წიგნი 105.00 GEL.